000 01154nam0a22002891 4500
001 rc\561517
005 20030616170524.0
035 _a(NLR Aleph) 005796557
090 _a5252196
_c5252196
100 _a20030616d1988 u |0rusy50 ca
101 0 _arus
102 _aRU
105 _ay |||||||||
200 1 _aМинимальный пакет подпрограмм для работы с аппаратурой КАМАК/СУММА на микроЭВМ АКК-196
_fА.В. Козелов, А.А. Лебедев, С.А. Медведь
210 _aСерпухов
_cИФВЭ
_d1988
215 _a[1], 5 с.
_d22
225 1 _aПрепринт
_fГос. ком. по использ. атом. энергии СССР, Ин-т физики высоких энергий
_vИФВЭ ОНФ 88-26
300 _aРез. на англ. яз.
320 _aБиблиогр.: с. 5
700 1 _aКозелов
_bА. В.
701 1 _aЛебедев
_bА. А.
_gАлексей Алексеевич
701 1 _aМедведь
_bС. А.
801 0 _aRU
_bNLR
_gpsbo
801 1 _aRU
_bELAR
_2rusmarc
852 _aNLR
_j88-6/5689
942 _cBOOK
980 _aNB